[Event "21st ch-EUR Indiv 2021"]
[Site "Reykjavik ISL"]
[Date "2021.09.04"]
[Round "10.69"]
[White "Jonsson, Olafur Gisli"]
[Black "Birkisson, Bjorn Holm"]
[Result "0-1"]
[WhiteElo "1800"]
[BlackElo "2064"]
[WhiteFideId "2302705"]
[BlackFideId "2310600"]
[EventDate "2021.08.26"]

1. d4 Nf6 2. c4 g6 3. Nc3 d5 4. h4 c6 5. Bf4 Bg7 6. e3 Be6 7. Be2 h6 8. Nf3 Nbd7
9. Ne5 Ne4 10. Nxe4 dxe4 11. Nxd7 Qxd7 12. Qc2 f5 13. Rd1 O-O 14. O-O Bf7 15.
Rd2 e6 16. Rfd1 Qe7 17. Bg3 Bf6 18. c5 Qd8 19. Bd6 Be7 20. Bxe7 Qxe7 21. g3 g5
22. hxg5 hxg5 23. Kg2 Kg7 24. Rh1 Rh8 25. Rdd1 Qf6 26. Rxh8 Rxh8 27. Rh1 Rxh1
28. Kxh1 e5 29. dxe5 Qxe5 30. b4 Qa1+ 31. Kg2 Qxa2 32. Qxa2 Bxa2 33. b5 Kf6 34.
b6 axb6 35. cxb6 c5 36. Bb5 Ke6 37. Kf1 Kd6 38. Ke2 Be6 39. Kd2 Bd7 40. Bc4 Kc6 0-1

[Event "21st ch-EUR Indiv 2021"]
[Site "Reykjavik ISL"]
[Date "2021.09.04"]
[Round "10.70"]
[White "Thorisson, Benedikt"]
[Black "Butenandt, Svenja"]
[Result "0-1"]
[WhiteElo "1624"]
[BlackElo "2036"]
[WhiteFideId "2314576"]
[BlackFideId "12993859"]
[EventDate "2021.08.26"]

1. e4 c5 2. Nf3 e6 3. d4 cxd4 4. Nxd4 a6 5. Be2 Nf6 6. Nc3 Qc7 7. O-O d6 8. f4
Nbd7 9. Be3 b5 10. Bf3 Bb7 11. e5 dxe5 12. fxe5 Nxe5 13. Bxb7 Qxb7 14. Bf4 Ng6
15. Bg3 Bc5 16. Kh1 Rd8 17. Bf2 Bxd4 18. Bxd4 e5 19. Re1 O-O 20. Ne2 Nh4 21. Nf4
Rxd4 0-1

[Event "21st ch-EUR Indiv 2021"]
[Site "Reykjavik ISL"]
[Date "2021.09.04"]
[Round "10.71"]
[White "Tummasarson, Flovin M."]
[Black "Pozimski, Szymon"]
[Result "0-1"]
[WhiteElo "1764"]
[BlackElo "2019"]
[WhiteFideId "7202431"]
[BlackFideId "1138855"]
[EventDate "2021.08.26"]

1. e4 d5 2. exd5 Qxd5 3. Nc3 Qd8 4. d4 Nf6 5. Bd3 c6 6. Nge2 Bg4 7. f3 Bh5 8.
Ne4 Nxe4 9. fxe4 e5 10. dxe5 Bc5 11. Bf4 Qb6 12. Rf1 O-O 13. c3 Qxb2 14. Qb1
Qxb1+ 15. Rxb1 Rd8 16. Bc4 b5 17. Bg5 Re8 18. Nf4 bxc4 19. Nxh5 Rxe5 20. Rf5
Rxe4+ 21. Kd2 Na6 22. Rb7 Rf8 23. Bh6 Rd8+ 24. Kc1 Ba3+ 25. Kc2 Re2+ 26. Kb1
Rd1+ 27. Bc1 Rxc1# 0-1

[Event "21st ch-EUR Indiv 2021"]
[Site "Reykjavik ISL"]
[Date "2021.09.04"]
[Round "10.72"]
[White "Patt, Zafrir"]
[Black "Saraci, Korab"]
[Result "0-1"]
[WhiteElo "1677"]
[BlackElo "2154"]
[WhiteFideId "2840170"]
[BlackFideId "4701968"]
[EventDate "2021.08.26"]

1. e4 e5 2. Nf3 Nf6 3. Nxe5 d6 4. Nf3 Nxe4 5. Nc3 Nxc3 6. dxc3 Be7 7. Be3 Nd7 8.
Qd2 Nf6 9. Bd3 O-O 10. O-O-O c5 11. h3 d5 12. g4 Qa5 13. Kb1 Be6 14. a3 c4 15.
Bf5 Bxa3 16. bxa3 Bxf5 17. gxf5 Ne4 18. Qc1 Nxc3+ 19. Ka1 b5 20. Bc5 Nxd1 21.
Bb4 Qb6 22. Qxd1 Rfe8 23. Qd2 a5 24. Bc3 Qd6 25. Bb2 b4 26. c3 bxa3 27. Bc1 Rab8
28. Nd4 Rb3 29. Re1 Reb8 30. Qe3 h6 31. Bd2 Qb6 32. Bc1 Rb1+ 33. Ka2 Ra1+ 0-1

[Event "21st ch-EUR Indiv 2021"]
[Site "Reykjavik ISL"]
[Date "2021.09.04"]
[Round "10.73"]
[White "Nielsen, Thomas1"]
[Black "Maggason, Oskar"]
[Result "0-1"]
[WhiteElo "1953"]
[BlackElo "1783"]
[WhiteFideId "1407147"]
[BlackFideId "2303779"]
[EventDate "2021.08.26"]

1. d4 d5 2. c4 e6 3. Nc3 Nf6 4. cxd5 exd5 5. Bg5 c6 6. e3 Bd6 7. Bd3 h6 8. Bh4
Nbd7 9. Nge2 O-O 10. Qc2 Re8 11. O-O-O Qa5 12. Bg3 Bxg3 13. hxg3 Ne4 14. Bxe4
dxe4 15. Nxe4 Qxa2 16. N2c3 Qe6 17. Rh5 Qg6 18. Rdh1 Nf6 19. Nxf6+ Qxf6 20. R5h4
Bf5 21. Qb3 Bg6 22. Ne2 Qxf2 23. Nf4 Rxe3 24. Qc4 Re1+ 25. Rxe1 Qxe1# 0-1

[Event "21st ch-EUR Indiv 2021"]
[Site "Reykjavik ISL"]
[Date "2021.09.04"]
[Round "10.74"]
[White "Haraldsson, Haraldur"]
[Black "Hjaltason, Elvar Orn"]
[Result "1/2-1/2"]
[WhiteElo "1918"]
[BlackElo "1702"]
[WhiteFideId "2311100"]
[BlackFideId "2315084"]
[EventDate "2021.08.26"]

1. e4 e5 2. Nf3 Nc6 3. Bb5 Nf6 4. d3 d6 5. O-O Bd7 6. c3 a6 7. Ba4 b5 8. Bc2 g6
9. d4 Bg7 10. dxe5 Nxe5 11. Nxe5 dxe5 12. Be3 O-O 13. Nd2 Nh5 14. Bb3 Qe7 15. a4
Be6 16. Qe2 c6 17. axb5 axb5 18. g3 Rfd8 19. Bc2 Qe8 20. Rfe1 Rxa1 21. Rxa1 Ra8
22. Qd1 Rxa1 23. Qxa1 Qc8 1/2-1/2

[Event "21st ch-EUR Indiv 2021"]
[Site "Reykjavik ISL"]
[Date "2021.09.04"]
[Round "10.76"]
[White "Jonsson, Kristjan Dagur"]
[Black "Ragnarsson, Heimir Pall"]
[Result "1-0"]
[WhiteElo "1706"]
[BlackElo "1619"]
[WhiteFideId "2313413"]
[BlackFideId "2308860"]
[EventDate "2021.08.26"]

1. d4 Nf6 2. c4 g6 3. Nc3 Bg7 4. e4 d6 5. h3 O-O 6. Be3 c6 7. Nge2 b5 8. Ng3 b4
9. Nce2 Nfd7 10. Qd2 a5 11. h4 c5 12. h5 cxd4 13. Nxd4 Ne5 14. Be2 Ng4 15. Bxg4
Bxg4 16. f3 Be5 17. Bf2 Bxg3 18. Bxg3 Bxh5 19. Bf2 Qc8 20. Qh6 f5 21. exf5 Rxf5
22. Nxf5 Qxf5 23. Qe3 Nc6 24. g4 Bxg4 25. fxg4 Qxg4 26. Rh4 Qf5 27. O-O-O b3 28.
axb3 Nb4 29. Rd2 a4 30. Qe4 Qxe4 31. Rxe4 axb3 32. Kd1 Kf7 33. Re3 Ra1+ 34. Ke2
Rc1 35. Rc3 Rc2 36. Rdxc2 bxc2 37. Be3 Ke6 38. Bc1 h5 39. b3 Kf5 40. Ba3 Nc6 41.
Ke3 Kg4 42. Rxc2 Kg3 43. c5 d5 44. b4 e5 45. b5 Nd4 46. Rb2 h4 47. c6 Nf5+ 48.
Kd2 h3 49. Rb3+ Kg2 50. Rxh3 Kxh3 51. c7 1-0

[Event "21st ch-EUR Indiv 2021"]
[Site "Reykjavik ISL"]
[Date "2021.09.04"]
[Round "10.77"]
[White "Sveinbjornsson, Gudmundur Orri"]
[Black "Omarsson, Adam"]
[Result "1-0"]
[WhiteElo "1037"]
[BlackElo "1546"]
[WhiteFideId "2318369"]
[BlackFideId "2311453"]
[EventDate "2021.08.26"]

1. e4 g6 2. d4 Bg7 3. Nf3 d6 4. b3 Nf6 5. Nbd2 O-O 6. Bb2 Bg4 7. Bd3 c5 8. d5
Nh5 9. Bxg7 Kxg7 10. c4 Nf4 11. Bf1 Na6 12. a3 Qa5 13. g3 Nh5 14. Bg2 Nf6 15.
O-O b5 16. Qc2 b4 17. axb4 Nxb4 18. Qc3 Qc7 19. Rfe1 Kg8 20. e5 dxe5 21. Nxe5
Bf5 22. d6 Qxd6 23. Bxa8 Nc2 24. Bg2 Nxa1 25. Rxa1 Rd8 26. Ndf3 Ne4 27. Qe3 Nf6
28. Ng5 Ng4 29. Nxg4 Bxg4 30. h3 Bf5 31. Rxa7 Bd7 32. Ne4 Qd1+ 33. Kh2 Bc6 34.
Nxc5 Bxg2 35. Kxg2 Qd6 36. Qxe7 Qc6+ 37. Kh2 Kg7 38. Qxf7+ Kh6 39. Qxh7+ Kg5 40.
Qe7+ 1-0

[Event "21st ch-EUR Indiv 2021"]
[Site "Reykjavik ISL"]
[Date "2021.09.04"]
[Round "10.79"]
[White "Heidarsson, Mikael Bjarki"]
[Black "Omarsson, Josef"]
[Result "1-0"]
[WhiteElo "1473"]
[BlackElo "1211"]
[WhiteFideId "2317532"]
[BlackFideId "2316102"]
[EventDate "2021.08.26"]

1. d4 Nf6 2. c4 g6 3. Nc3 Bg7 4. Nf3 O-O 5. e4 d6 6. h3 c5 7. d5 e6 8. Bf4 Qa5
9. Qd2 e5 10. Bg5 Nbd7 11. Bd3 a6 12. O-O Re8 13. a3 Qc7 14. Bh6 Bh8 15. b4 b6
16. Na4 Rb8 17. bxc5 bxc5 18. Rab1 Bb7 19. Rb2 Ba8 20. Rfb1 Rec8 21. Ne1 Qd8 22.
f3 Qc7 23. g4 Bg7 24. Bxg7 Kxg7 25. h4 h5 26. g5 Ng8 27. Kf2 Ne7 28. Qc1 Qa5 29.
Bc2 Rxb2 30. Rxb2 Rc7 31. Qb1 Nc8 32. Ke2 Ra7 33. Ng2 Kg8 34. f4 exf4 35. Nxf4
Ne5 36. Rb8 Qc7 37. Qb6 Qd7 38. Rxc8+ Kg7 39. Ne6+ fxe6 40. Qd8 Qxd8 41. Rxd8
exd5 42. cxd5 Nc4 43. Bd3 Nxa3 44. Nb6 Bb7 45. Rd7+ Kf8 46. Nc8 Ra8 47. Nxd6 a5
48. Rxb7 a4 49. e5 c4 50. Nxc4 Nxc4 51. Bxc4 a3 52. Rb1 Ra4 53. Kd3 Ke7 54. d6+
Kf8 55. e6 Ra5 56. e7+ Ke8 57. Rb8+ Kd7 58. Rd8+ Kc6 59. e8=Q+ Kc5 60. Qe5+ Kb4
61. Rb8+ Ka4 62. Bb3# 1-0

[Event "21st ch-EUR Indiv 2021"]
[Site "Reykjavik ISL"]
[Date "2021.09.04"]
[Round "10.81"]
[White "Gudnyjarson, Sigurdur Pall"]
[Black "Hreinsson, Johann Helgi"]
[Result "0-1"]
[WhiteElo "1207"]
[BlackElo "1195"]
[WhiteFideId "2321637"]
[BlackFideId "2317540"]
[EventDate "2021.08.26"]

1. d4 Nf6 2. c4 e6 3. Nc3 b6 4. e4 Bb4 5. Qc2 d5 6. Qa4+ Nc6 7. Qxc6+ Bd7 8. Qb7
a5 9. c5 Nxe4 10. Ne2 bxc5 11. f3 Nd6 12. Qxa8 Qxa8 13. dxc5 Bxc5 14. Bf4 Bb6
15. O-O-O O-O 16. Nd4 Re8 17. Ndb5 Bxb5 18. Bxb5 Nxb5 19. Nxb5 Qc6+ 20. Nc3 d4 0-1

[Event "21st ch-EUR Indiv 2021"]
[Site "Reykjavik ISL"]
[Date "2021.09.04"]
[Round "10.82"]
[White "Moller, Tomas"]
[Black "Johannsson, Markus Orri"]
[Result "1/2-1/2"]
[WhiteElo "1402"]
[BlackElo "1117"]
[WhiteFideId "2315343"]
[BlackFideId "2318539"]
[EventDate "2021.08.26"]

1. e4 e5 2. Nf3 Nf6 3. Nxe5 d6 4. Nf3 Nxe4 5. d4 d5 6. Bd3 Nf6 7. Nc3 Bb4 8.
Qe2+ Be6 9. Bg5 Nbd7 10. O-O O-O 11. Nd1 Re8 12. Ne3 c6 13. c3 Bd6 14. Qc2 Qc7
15. Bf5 h6 16. Bh4 Bf4 17. Bg3 Bxf5 18. Nxf5 Bxg3 19. Nxg3 Re6 20. Rfe1 Rae8 21.
b3 Qa5 22. h3 Ne4 23. Nxe4 Rxe4 24. a4 Nf6 25. g3 Rxe1+ 26. Rxe1 Rxe1+ 27. Nxe1
Ne4 28. b4 Qd8 29. Kg2 Qd6 30. Nd3 b6 31. Ne5 f6 32. Nd3 g5 33. b5 Kf7 34. Nb4
cxb5 35. axb5 Kg7 36. Qb3 Nd2 37. Qxd5 Qe7 38. Qf5 Qe2 39. Qd3 Qxd3 40. Nxd3 Ne4
41. c4 Nd6 42. Nb2 Kg6 43. Kf3 Kf5 44. g4+ Ke6 45. Ke3 f5 46. f4 Ne4 47. Nd3 Nd6
48. Ne5 Kf6 49. fxg5+ hxg5 50. gxf5 Kxf5 51. Kd3 Ne4 52. Nf3 Nf2+ 53. Ke3 Nxh3
54. Nd2 Nf4 55. Ne4 Ng2+ 56. Kf3 Nh4+ 57. Ke3 Ng2+ 58. Kd3 Ne1+ 59. Ke3 Ng2+ 60.
Kf3 Nh4+ 61. Ke3 Ng2+ 1/2-1/2

[Event "21st ch-EUR Indiv 2021"]
[Site "Reykjavik ISL"]
[Date "2021.09.05"]
[Round "11.41"]
[White "Sivuk, Vitaly"]
[Black "Kaasen, Tor Fredrik"]
[Result "1/2-1/2"]
[WhiteTitle "GM"]
[BlackTitle "IM"]
[WhiteElo "2589"]
[BlackElo "2406"]
[WhiteFideId "14116502"]
[BlackFideId "1516647"]
[EventDate "2021.08.26"]

1. d4 Nf6 2. c4 e6 3. Nf3 d5 4. Nc3 Bb4 5. Qa4+ Nc6 6. a3 Bxc3+ 7. bxc3 Ne4 8.
e3 Nxc3 9. Qc2 Ne4 10. Bd3 Nd6 11. c5 Nf5 12. O-O h6 13. Rb1 O-O 14. Ne5 Nfe7
15. f4 f6 16. Nf3 Rb8 17. Bd2 Bd7 18. Bc3 b6 19. Bd2 Qe8 20. Bb4 Nxb4 21. axb4
Bb5 22. Ra1 Bxd3 23. Qxd3 bxc5 24. bxc5 Nc6 25. Qc3 a5 26. Nd2 Rb5 27. Nb3 Qa8
28. Ra3 Qa6 29. Rfa1 Ra8 30. h3 a4 31. Nc1 Qa5 32. Ne2 Rb4 33. Qd3 Rab8 34. Ng3
Ne7 35. Qd1 Ra8 36. Qg4 Kf7 37. Qh5+ Kf8 38. Qg4 Kf7 39. Qh5+ Kf8 40. Qg4 1/2-1/2

[Event "21st ch-EUR Indiv 2021"]
[Site "Reykjavik ISL"]
[Date "2021.09.05"]
[Round "11.42"]
[White "Sylvan, Jacob"]
[Black "Bosiocic, Marin"]
[Result "0-1"]
[WhiteTitle "IM"]
[BlackTitle "GM"]
[WhiteElo "2307"]
[BlackElo "2610"]
[WhiteFideId "1402137"]
[BlackFideId "14507927"]
[EventDate "2021.08.26"]

1. e4 e5 2. Nf3 Nc6 3. Bb5 a6 4. Ba4 b5 5. Bb3 g6 6. a4 b4 7. d4 exd4 8. Nxd4
Na5 9. Ba2 Bg7 10. O-O Ne7 11. c3 c5 12. Nb3 Nb7 13. cxb4 cxb4 14. Be3 Nc6 15.
N1d2 Bxb2 16. Nc4 Bg7 17. Nb6 Rb8 18. Nd5 O-O 19. Qd2 Nd6 20. Nc5 b3 21. Bxb3
Na5 22. Rab1 Nxb3 23. Rxb3 Rxb3 24. Nxb3 Nxe4 25. Qb4 Re8 26. Rc1 d6 27. Nc7 Re7
28. Nd5 Re5 29. Qb6 Qf8 30. Nc7 Bh6 31. Nxa6 Bxe3 32. fxe3 Bd7 33. Nc7 Qh6 34.
Qd4 Bxa4 35. Ra1 Qh4 36. Qb2 Bxb3 0-1

[Event "21st ch-EUR Indiv 2021"]
[Site "Reykjavik ISL"]
[Date "2021.09.05"]
[Round "11.43"]
[White "Aizenberg, Benny"]
[Black "Gretarsson, Hjorvar Steinn"]
[Result "0-1"]
[WhiteTitle "FM"]
[BlackTitle "GM"]
[WhiteElo "2309"]
[BlackElo "2603"]
[WhiteFideId "2821125"]
[BlackFideId "2302241"]
[EventDate "2021.08.26"]

1. e4 c6 2. d4 d5 3. e5 Bf5 4. h4 h5 5. Bd3 Bxd3 6. Qxd3 e6 7. Bg5 Qb6 8. Nd2
Qa6 9. c4 Bb4 10. b3 Ne7 11. Bxe7 Bxe7 12. Ne2 Nd7 13. f4 O-O-O 14. Qc3 dxc4 15.
bxc4 Nb6 16. c5 Nd5 17. Qb3 Nxf4 18. Nxf4 Rxd4 19. Ne2 Rg4 20. Nc3 Bxc5 21. Nde4
Bd4 22. O-O-O Rd8 23. Rhf1 Bxc3 24. Nxc3 Rxd1+ 25. Rxd1 Qa5 26. Rd2 Rxh4 27. Rb2
b6 28. a3 Qxe5 29. Rc2 Qe3+ 30. Kb2 Kb7 31. Re2 Qd3 32. Rf2 Qd7 33. Qc2 g6 34.
Qe2 f5 35. Qe5 Qd4 36. Qe2 Qf6 37. Rf3 e5 38. Re3 e4 39. Qd1 Qe7 40. Re2 Rg4 41.
Rd2 Kc7 42. Rc2 Qe5 43. Rd2 Qg7 44. Rd8 Rxg2+ 45. Kb1 Rg1 46. Qxg1 Kxd8 47. Qg5+
Kc8 48. Ne2 Kb7 49. Qd8 Qc7 50. Qf6 Qd7 51. Nc1 e3 52. Kc2 Qe8 53. Nd3 Qe4 54.
Qf7+ Ka6 55. Qd7 Kb5 56. Kd1 f4 57. a4+ Qxa4+ 58. Ke2 Qe4 59. Ne1 g5 60. Qd1
Qc4+ 61. Nd3 Qa2+ 62. Ke1 f3 63. Nb2 Qa5+ 0-1

[Event "21st ch-EUR Indiv 2021"]
[Site "Reykjavik ISL"]
[Date "2021.09.05"]
[Round "11.44"]
[White "Dragnev, Valentin"]
[Black "Kjartansson, David"]
[Result "1-0"]
[WhiteTitle "GM"]
[BlackTitle "IM"]
[WhiteElo "2557"]
[BlackElo "2326"]
[WhiteFideId "1634852"]
[BlackFideId "2301130"]
[EventDate "2021.08.26"]

1. e4 d6 2. d4 Nf6 3. Nc3 Nbd7 4. f4 e5 5. Nf3 Be7 6. dxe5 dxe5 7. fxe5 Ng4 8.
Bf4 Bc5 9. Bc4 O-O 10. Qe2 b5 11. Bd5 Rb8 12. h3 Nf2 13. Rf1 Nb6 14. Be3 Bxe3
15. Qxe3 b4 16. Ne2 c6 17. Bxc6 Qc7 18. Bd5 Nxh3 19. gxh3 Qxc2 20. Rg1 Qxb2 21.
Kf2 Ba6 22. Rxg7+ 1-0

[Event "21st ch-EUR Indiv 2021"]
[Site "Reykjavik ISL"]
[Date "2021.09.05"]
[Round "11.45"]
[White "Lorscheid, Gerhard"]
[Black "Hillarp Persson, Tiger"]
[Result "0-1"]
[WhiteTitle "FM"]
[BlackTitle "GM"]
[WhiteElo "2202"]
[BlackElo "2543"]
[WhiteFideId "4606000"]
[BlackFideId "1700812"]
[EventDate "2021.08.26"]

1. d4 Nf6 2. c4 g6 3. Nc3 Bg7 4. e4 d6 5. f3 O-O 6. Nge2 c5 7. d5 e6 8. Ng3 exd5
9. cxd5 a6 10. a4 Nbd7 11. Be2 Rb8 12. O-O Ne8 13. Be3 Nc7 14. a5 b5 15. axb6
Rxb6 16. Qd2 Rb4 17. Rab1 h5 18. b3 Re8 19. Na2 Rd4 20. Qc1 Rxd5 21. Bc4 Rde5
22. Bf4 h4 23. Ne2 h3 24. g3 d5 25. Bxe5 Nxe5 26. exd5 Nxd5 27. Nac3 Nxc3 28.
Qxc3 Bb7 29. Rbd1 Qe7 30. Bd5 Nc6 31. Qc4 Qxe2 32. Bxf7+ Kf8 33. Qxe2 Rxe2 34.
Bxg6 Bd4+ 35. Kh1 Ne5 0-1

[Event "21st ch-EUR Indiv 2021"]
[Site "Reykjavik ISL"]
[Date "2021.09.05"]
[Round "11.46"]
[White "Hjartarson, Johann"]
[Black "Thorhallsson, Simon"]
[Result "1-0"]
[WhiteTitle "GM"]
[WhiteElo "2519"]
[BlackElo "2199"]
[WhiteFideId "2300044"]
[BlackFideId "2310090"]
[EventDate "2021.08.26"]

1. d4 Nf6 2. c4 g6 3. Nc3 Bg7 4. e4 d6 5. Be2 O-O 6. Be3 c5 7. d5 e6 8. Nf3 exd5
9. cxd5 Na6 10. Nd2 Nc7 11. a4 b6 12. O-O Re8 13. h3 Rb8 14. Qc2 Ba6 15. Bxa6
Nxa6 16. Nc4 Nb4 17. Qb1 a6 18. Bf4 Bf8 19. Bg5 Bg7 20. f4 b5 21. Nxd6 Qxd6 22.
e5 Rxe5 23. fxe5 Qxe5 24. Bxf6 Bxf6 25. axb5 axb5 26. Kh1 Bg7 27. Qd1 c4 28. Qf3
Rf8 29. Ra7 f5 30. Rb7 Rb8 31. Rxb8+ Qxb8 32. Qe3 Qe5 33. Qb6 Bf8 34. Qe6+ Qxe6
35. dxe6 Bd6 36. Ra1 Kg7 37. Nxb5 Be5 38. Ra7+ Kf6 39. Na3 Nc6 40. Ra6 Nb4 41.
e7+ Kxe7 42. Ra7+ Ke6 43. Nxc4 Bd4 44. Rxh7 Nd3 45. b3 Nc1 46. b4 f4 47. Kh2 Ne2
48. h4 Kf5 49. Re7 Ng3 50. Rd7 Bf2 51. Kh3 Ne2 52. Rd2 Ng1+ 53. Kh2 1-0

[Event "21st ch-EUR Indiv 2021"]
[Site "Reykjavik ISL"]
[Date "2021.09.05"]
[Round "11.47"]
[White "Juksta, Karolis"]
[Black "Humburg, Philipp"]
[Result "1-0"]
[WhiteTitle "FM"]
[WhiteElo "2438"]
[BlackElo "2245"]
[WhiteFideId "12809039"]
[BlackFideId "24656151"]
[EventDate "2021.08.26"]

1. d4 d5 2. c4 e6 3. Nc3 Nf6 4. cxd5 exd5 5. Bg5 Be7 6. e3 c6 7. Bd3 h6 8. Bh4
Ne4 9. Bxe7 Qxe7 10. Bxe4 dxe4 11. Nge2 Bg4 12. Qc2 Bxe2 13. Kxe2 f5 14. g4 O-O
15. gxf5 Rxf5 16. Rag1 Nd7 17. Nxe4 Raf8 18. Rg2 c5 19. Rhg1 R8f7 20. Ng3 Rd5
21. Qb3 Nb6 22. dxc5 Qxc5 23. Ne4 Qc4+ 24. Qxc4 Nxc4 25. b3 Ne5 26. f4 Nc6 27.
Rg6 Kf8 28. Rd6 Rh5 29. Rg2 Rc7 30. Kf3 Kf7 31. Rgd2 Ne7 32. a4 b6 33. Kg4 Ra5
34. Rd8 Ke6 35. R2d6+ Kf7 36. Rd3 Ke6 37. Ng3 Rd5 38. R8xd5 Nxd5 39. e4 Nf6+ 40.
Kf3 g5 41. Nf5 Ne8 42. Nd4+ Kf7 43. f5 Kf6 44. Nb5 Re7 45. Ke3 a6 46. Nd6 Ng7
47. Rd5 Nh5 48. Kd4 Rb7 49. Nxb7 1-0

[Event "21st ch-EUR Indiv 2021"]
[Site "Reykjavik ISL"]
[Date "2021.09.05"]
[Round "11.48"]
[White "Koellner, Ruben Gideon"]
[Black "Wecker, Martin"]
[Result "1-0"]
[WhiteTitle "FM"]
[WhiteElo "2418"]
[BlackElo "2195"]
[WhiteFideId "12993093"]
[BlackFideId "12931462"]
[EventDate "2021.08.26"]

1. d4 Nf6 2. Nf3 d5 3. e3 g6 4. Nbd2 Bg7 5. b4 a5 6. b5 c5 7. bxc6 Nxc6 8. a4
O-O 9. Ba3 Re8 10. c3 Ne4 11. Nxe4 dxe4 12. Nd2 e5 13. d5 Qxd5 14. Bc4 Qd8 15.
Nxe4 Be6 16. Bxe6 Rxe6 17. Qb3 Bf8 18. O-O Bxa3 19. Rxa3 Qe7 20. Ra2 Rc8 21. Rb2
Rc7 1-0

[Event "21st ch-EUR Indiv 2021"]
[Site "Reykjavik ISL"]
[Date "2021.09.05"]
[Round "11.49"]
[White "Sousa, Andre Ventura"]
[Black "Kanyamarala, Trisha"]
[Result "1-0"]
[WhiteTitle "IM"]
[BlackTitle "WIM"]
[WhiteElo "2405"]
[BlackElo "2180"]
[WhiteFideId "1917617"]
[BlackFideId "45004722"]
[EventDate "2021.08.26"]

1. e4 c5 2. Nf3 d6 3. d4 cxd4 4. Nxd4 Nf6 5. Nc3 Nc6 6. f3 e5 7. Nb3 Be6 8. Be3
d5 9. exd5 Nxd5 10. Nxd5 Qxd5 11. Qxd5 Bxd5 12. O-O-O O-O-O 13. Bb5 a6 14. Bxc6
Bxc6 15. Bb6 Rxd1+ 16. Rxd1 Be7 17. Na5 Bb5 18. Rd5 f6 19. b3 h5 20. a4 Be8 21.
Rd3 Kb8 22. Kd1 g5 23. Rc3 Bd6 24. Nc4 Be7 25. Ne3 Bc6 26. Nf5 Bd8 27. a5 g4 28.
Ke2 Rg8 29. Ke3 Bd7 30. Nh6 Rf8 31. Rd3 Kc8 32. Ke4 f5+ 33. Kxe5 Bg5 34. Rd6
Re8+ 35. Kd4 Be6 36. Ke5 Bd7+ 37. Kd5 Bc6+ 38. Kd4 gxf3 39. gxf3 Bxh6 40. Rxh6
Bxf3 41. Rf6 Bg4 42. Rf7 Re2 43. Rc7+ Kb8 44. Rc3 f4 45. Bc7+ Ka8 46. Bxf4 Bf5
47. Rf3 Rxc2 48. Bc7 Bc8 49. Bb6 Bg4 50. Rf7 Rc8 51. b4 Re8 52. Bc7 Ka7 53. Bd6
Ka8 54. Be5 Rg8 55. Ke4 Ka7 56. Bc7 Ka8 57. Kf4 Ka7 58. Re7 Ka8 59. Kg3 Bd1+ 60.
Kf4 Bg4 61. Ke5 Ka7 62. Kf6 Ka8 63. Kf7 Rc8 64. Be5 Ka7 65. Kg7 Rd8 66. Kh6 Rc8
67. Kg5 Ka8 68. Rh7 Re8 69. Bc7 Rg8+ 70. Kh4 Bf3 71. h3 Ka7 72. Rf7 Be2 73. Rf5
Ka8 74. Be5 Ka7 75. Rxh5 Bxh5 76. Kxh5 Re8 77. Bd4+ Kb8 78. h4 Kc7 79. Kg5 Kc6
80. h5 Kb5 81. Bb6 Kxb4 82. h6 Rh8 83. Kg6 Kb5 84. h7 Kc6 85. Kg7 Rxh7+ 86. Kxh7
Kd7 87. Kg6 Ke6 88. Kg5 Kd7 89. Kf6 Kc8 90. Ke7 Kb8 91. Kd7 Ka8 92. Bd4 Kb8 93.
Be5+ Ka8 94. Kc8 Ka7 95. Bc7 Ka8 96. Bb8 b5 97. axb6 1-0

[Event "21st ch-EUR Indiv 2021"]
[Site "Reykjavik ISL"]
[Date "2021.09.05"]
[Round "11.50"]
[White "D'Costa, Lorin"]
[Black "Player, Edmund C"]
[Result "1/2-1/2"]
[WhiteTitle "IM"]
[WhiteElo "2381"]
[BlackElo "2172"]
[WhiteFideId "409219"]
[BlackFideId "406520"]
[EventDate "2021.08.26"]

1. c4 c5 2. Nf3 b6 3. g3 Bb7 4. Bg2 e6 5. O-O Nf6 6. Nc3 Be7 7. d4 cxd4 8. Qxd4
d6 9. Rd1 a6 10. Ng5 Bxg2 11. Kxg2 Ra7 12. Be3 Rb7 13. Rac1 O-O 14. b3 Nc6 15.
Qd2 Qa8 16. f3 Rd8 17. Qc2 h6 18. Nge4 b5 19. Nxf6+ Bxf6 20. Qe4 Ne7 21. Rd2
bxc4 22. bxc4 d5 23. cxd5 Bxc3 24. Rxc3 Nxd5 25. Rcd3 Nxe3+ 26. Qxe3 Rbb8 27.
Rxd8+ 1/2-1/2

[Event "21st ch-EUR Indiv 2021"]
[Site "Reykjavik ISL"]
[Date "2021.09.05"]
[Round "11.51"]
[White "Stefansson, Vignir Vatnar"]
[Black "Johannsdottir, Johanna Bjorg"]
[Result "1-0"]
[WhiteTitle "IM"]
[WhiteElo "2371"]
[BlackElo "2019"]
[WhiteFideId "2308649"]
[BlackFideId "2303108"]
[EventDate "2021.08.26"]

1. d4 Nf6 2. g3 e6 3. Bg2 d5 4. Nf3 Nbd7 5. O-O Bd6 6. c4 c6 7. Nbd2 O-O 8. Qc2
e5 9. cxd5 cxd5 10. dxe5 Nxe5 11. Nxe5 Bxe5 12. Nf3 Bd6 13. Rd1 h6 14. Be3 Bd7
15. Qb3 Bc6 16. Nd4 Be5 17. Rac1 Qd7 18. Nxc6 bxc6 19. Qa3 Rfe8 20. b3 Qg4 21.
Bf3 Qe6 22. Qa4 Rec8 23. Rc2 Nd7 24. Rdc1 Nb6 25. Qa6 Rab8 26. Qxa7 d4 27. Bd2
Nd5 28. Qc5 Rc7 29. Qc4 Qf5 30. Ba5 Rcc8 31. Bxd5 cxd5 32. Qd3 Rxc2 33. Rxc2 Qd7
34. Bd2 Qb7 35. b4 Ra8 36. b5 Bf6 37. Qb3 Re8 38. Bf4 Bd8 39. a4 g5 40. Bd6 Ba5
41. Bb4 d3 42. exd3 Bxb4 43. Qxb4 d4 44. Rc6 Qd7 45. Qd2 Qd5 46. Rc1 Qb3 47. Qd1
Qa2 48. Ra1 Qd5 49. b6 Qa5 50. Rb1 Rb8 51. b7 Qf5 52. Rb5 Qd7 53. Qf3 Re8 54.
b8=Q 1-0

[Event "21st ch-EUR Indiv 2021"]
[Site "Reykjavik ISL"]
[Date "2021.09.05"]
[Round "11.52"]
[White "Maltsevskaya, Aleksandra"]
[Black "Mai, Alexander Oliver"]
[Result "1-0"]
[WhiteTitle "WGM"]
[WhiteElo "2409"]
[BlackElo "2090"]
[WhiteFideId "24174041"]
[BlackFideId "2313391"]
[EventDate "2021.08.26"]

1. e4 c5 2. Nf3 d6 3. d4 cxd4 4. Nxd4 Nf6 5. Nc3 Nc6 6. Bb5 Bd7 7. O-O g6 8. Nd5
Bg7 9. Nxf6+ Bxf6 10. Bxc6 bxc6 11. Bh6 Qa5 12. c3 Qh5 13. Qxh5 gxh5 14. Be3 Rg8
15. Ne2 h4 16. f3 a5 17. Kf2 Rb8 18. b3 Bc8 19. Rab1 Kd7 20. Rfd1 Kc7 21. Bd4 e5
22. Be3 Be6 23. c4 a4 24. Nc3 axb3 25. axb3 Rb7 26. Na4 Rgb8 27. c5 d5 28. exd5
cxd5 29. Nb6 d4 30. Bd2 Kc6 31. b4 Bd8 32. b5+ Kxc5 33. Rdc1+ Kxb6 34. Rc6+ Ka7
35. Ra6# 1-0